000 00673cam a2200229 a 4500
001 000006204
005 20200929151955.0
008 800313s1988 sp 001 p spa
020 _a8475170196
082 _a861.64
_bI68c, 1988
100 1 _aIrigoyen, Ramón,
_d1942-
_917362
245 1 0 _aCielos e inviernos /
_cRamón Irigoyen.
250 _a3a ed. rev. y amp.
260 _aMadrid :
_bHiperión,
_c1988.
300 _a141 p. ;
_c21 cm.
490 1 _aPoesía Hiperión
_v20
586 _aPremio Relatos Eróticos Play Boy
650 4 _aPoesía española
_9631
650 4 _aLiteratura española
_9632
830 0 _aPoesía Hiperión
_n20
_917363
999 _c5999
_d5999
040 _aDO-SdBNP